000 00625nam a2200193Ii 4500
003 JO-AjNU
008 230605s9999||||xx |||||||||||||| ||und||
040 _aJO-AjNU
_bara
_erda
_cJO-AjNU
041 _aara
050 1 4 _aT9145.07
100 3 _aأورفلى، علي,
_eauthor
_948898
245 0 0 _aالوقاية من الحريق في مؤسسات التعليم
264 3 1 _aعمان: مؤسسة الرساله،د.ت
300 _a288ص
336 _atext
_btxt
_2rdacontent
337 _aunmediated
_bn
_2rdamedia
338 _avolume
_bnc
_2rdacarrier
650 4 _aالحريق، مؤسسات التعليم
_948899
999 _aA21444
_c25012
_d25012